000 00394nam a2200157Ia 4500
008 160316s1998 xxu||||| |||| 00| 0 eng d
082 _a345.080000
_bSAH
100 _aSahni V.P
245 _aJuvenile Justice Act-1986
250 _a
260 _aM.P
_bMadhya Pradesh
_c1998
300 _a133
_b
_c
365 _b
650 _a1. Juvenile Justice Act-1986 2. Juvenile Justice
700 _a
_a
999 _c34257
_d34257